Palk and another v Mortgage Services Funding plc (Record no. 40267)

MARC details
000 -LEADER
fixed length control field 00900cab a2200241 4500
001 - CONTROL NUMBER
control field ABS48048
008 - FIXED-LENGTH DATA ELEMENTS--GENERAL INFORMATION
fixed length control field 090401t1993 xxu||||| |||| 00| 0 eng d
035 ## - SYSTEM CONTROL NUMBER
System control number (Sirsi) u64639
041 ## - LANGUAGE CODE
Language code of text/sound track or separate title eng
245 ## - TITLE STATEMENT
Title Palk and another v Mortgage Services Funding plc
260 ## - PUBLICATION, DISTRIBUTION, ETC.
Date of publication, distribution, etc. 1993
350 ## - PRICE (NR) (BK AM CF MU VM SE) [OBSOLETE]
Price 0
490 ## - SERIES STATEMENT
Series statement Weekly Law Reports
Volume/sequential designation (1993) 2 WLR 415-427(13)
520 ## - SUMMARY, ETC.
Summary, etc. CA 3 July 1992. The court decided that it had discretion under the Law of Property Act 1925 s91(2) to order the sale of P`s house, against the wishes of the defendant M, to partially redeem the mortgage and protect the plaintiff against mounting debt. "Held": P`s appeal allowed.
650 ## - SUBJECT ADDED ENTRY--TOPICAL TERM
Topical term or geographic name entry element INTEREST
650 ## - SUBJECT ADDED ENTRY--TOPICAL TERM
Topical term or geographic name entry element LAW OF PROPERTY ACT 1925 S91(2)
650 ## - SUBJECT ADDED ENTRY--TOPICAL TERM
Topical term or geographic name entry element MORTGAGES
650 ## - SUBJECT ADDED ENTRY--TOPICAL TERM
Topical term or geographic name entry element PROPERTY SALES
690 ## - LOCAL SUBJECT ADDED ENTRY--TOPICAL TERM (OCLC, RLIN)
Topical term or geographic name as entry element HOUSING-CASE LAW
690 ## - LOCAL SUBJECT ADDED ENTRY--TOPICAL TERM (OCLC, RLIN)
Topical term or geographic name as entry element PROPERTY LAW AND PRACTICE-CASE LAW
942 ## - ADDED ENTRY ELEMENTS (KOHA)
Suppress in OPAC 0
948 ## - LOCAL PROCESSING INFORMATION (OCLC); SERIES PART DESIGNATOR (RLIN)
c (OCLC) 04/03/1997
Holdings
Withdrawn status Lost status Source of classification or shelving scheme Damaged status Not for loan Home library Current library Shelving location Date acquired Total Checkouts Full call number Barcode Date last seen Copy number Price effective from Koha item type
    Dewey Decimal Classification     London London Journal article 14/09/1999   ABS48048 64639-1001 06/08/2019 1 06/08/2019 Law report